[Event "II. CLANSKA LIGA ZAHOD 2019"]
[Site "Komenda"]
[Date "2019.12.01"]
[Round "8.5"]
[White "Ravnik, Franc"]
[Black "Hribar, Andrej"]
[Result "0-1"]
[WhiteElo "1871"]
[BlackElo "1714"]
[PlyCount "84"]
[EventDate "2019.12.01"]
[WhiteTeam "SD SIJ ACRONI JESENICE"]
[BlackTeam "SK LJUBLJANA"]

1. e4 b6 2. d4 Bb7 3. Bd3 g6 4. Nf3 Bg7 5. O-O d6 6. c4 Nf6 7. Nc3 O-O 8. b3 c5
9. Bb1 cxd4 10. Nxd4 Nc6 11. Be3 Qd7 12. a3 Ng4 13. Ra2 Nce5 14. Bf4 Nc6 15.
Nde2 Rac8 16. Rd2 Na5 17. Nd5 Nf6 18. Nxf6+ Bxf6 19. e5 Qc6 20. f3 dxe5 21. Be3
Qc7 22. Nc3 Rfd8 23. Nb5 Qb8 24. Qc2 Rxd2 25. Bxd2 Nc6 26. Re1 a6 27. Nc3 Nd4
28. Qb2 Rd8 29. Bc1 Bg7 30. Kf2 f5 31. b4 Qa8 32. Re3 Rf8 33. Nd5 Qd8 34. Re1
Kh8 35. Nc3 Qa8 36. Re3 e6 37. Bc2 Qd8 38. g3 Qa8 39. Bd1 f4 40. gxf4 Rxf4 41.
Re1 Rf8 42. Qb1 Bxf3 0-1

[Event "II. CLANSKA LIGA ZAHOD 2019"]
[Site "Komenda"]
[Date "2019.12.01"]
[Round "8.6"]
[White "Guid, Taja"]
[Black "Kokalj, Janez"]
[Result "1-0"]
[WhiteElo "1557"]
[BlackElo "1864"]
[PlyCount "97"]
[EventDate "2019.12.01"]
[WhiteTeam "SK LJUBLJANA"]
[BlackTeam "SD SIJ ACRONI JESENICE"]

1. c4 Nf6 2. g3 e6 3. Bg2 d5 4. Nf3 Nc6 5. b3 Be7 6. Bb2 O-O 7. O-O d4 8. e3 e5
9. exd4 e4 10. Ng5 Bf5 11. d5 Nb4 12. Ba3 h6 13. Bxb4 Bxb4 14. Nh3 Bd6 15. Kh1
Qd7 16. Ng1 Ng4 17. Nc3 Bc5 18. Qe2 Rae8 19. h3 Nf6 20. Kh2 Ba3 21. Nd1 Bd6 22.
Ne3 Bg6 23. Qd1 h5 24. Ne2 h4 25. Qe1 Bh5 26. Ng1 Be5 27. Rc1 g6 28. Kh1 hxg3
29. fxg3 Bf3 30. Bxf3 exf3 31. Rxf3 Nh5 32. Kg2 Kg7 33. Ne2 Rh8 34. g4 Nf6 35.
d4 Bd6 36. c5 Rxe3 37. Rxe3 Nxg4 38. Rf3 Be7 39. hxg4 Qxg4+ 40. Qg3 Qe4 41.
Qe5+ Qxe5 42. dxe5 Rh5 43. e6 fxe6 44. dxe6 Re5 45. Rf7+ Kg8 46. Rxe7 Rxe2+ 47.
Kf3 Re5 48. Rxc7 Rxe6 49. Rd1 1-0

[Event "II. CLANSKA LIGA ZAHOD 2019"]
[Site "Komenda"]
[Date "2019.12.01"]
[Round "8.2"]
[White "Planinsek, Bojan"]
[Black "Stubljar, Andrej"]
[Result "0-1"]
[WhiteElo "1734"]
[BlackElo "2004"]
[PlyCount "66"]
[EventDate "2019.12.01"]
[WhiteTeam "SS TZ PREVODI DVOJKA"]
[BlackTeam "SK DOLENJSKE TOPLICE"]

1. e4 Nf6 2. e5 Nd5 3. d4 d6 4. Nf3 Bg4 5. exd6 Qxd6 6. Be2 Nf4 7. Bxf4 Qxf4 8.
O-O Nd7 9. c3 e6 10. h3 h5 11. Qd3 Bd6 12. Qe3 Bxf3 13. Qxf4 Bxf4 14. Bxf3
O-O-O 15. Na3 g5 16. g3 Bd6 17. Nc4 h4 18. Nxd6+ cxd6 19. Bg2 Rdg8 20. Rae1 g4
21. Kh2 Nf6 22. c4 Nh5 23. Re3 f5 24. Rxe6 hxg3+ 25. fxg3 Nxg3 26. Kxg3 gxh3+
27. Kf2 Rxg2+ 28. Kf3 Rg4 29. Ree1 Rxd4 30. b3 h2 31. Rh1 Rd2 32. Re2 Rxe2 33.
Kxe2 Kd7 0-1

[Event "II. CLANSKA LIGA ZAHOD 2019"]
[Site "Komenda"]
[Date "2019.12.01"]
[Round "8.3"]
[White "Pucelj, Joze"]
[Black "Markun, Ozbej"]
[Result "1/2-1/2"]
[WhiteElo "2079"]
[BlackElo "1476"]
[PlyCount "49"]
[EventDate "2019.12.01"]
[WhiteTeam "SK DOLENJSKE TOPLICE"]
[BlackTeam "SS TZ PREVODI DVOJKA"]

1. e4 e5 2. Nf3 Nc6 3. Bb5 a6 4. Ba4 Nf6 5. O-O b5 6. Bb3 Be7 7. Qe2 O-O 8. c3
d5 9. exd5 Nxd5 10. Nxe5 Nxe5 11. Qxe5 c6 12. Bxd5 cxd5 13. d4 Bd6 14. Qg5 Be7
15. Qg3 Bd6 16. Bf4 Bxf4 17. Qxf4 Re8 18. Qf3 Qg5 19. Qg3 Qxg3 20. fxg3 Re2 21.
Rf2 Re1+ 22. Rf1 Re2 23. Rf2 Re1+ 24. Rf1 Re2 25. Rf2 1/2-1/2

[Event "II. CLANSKA LIGA ZAHOD 2019"]
[Site "Komenda"]
[Date "2019.12.01"]
[Round "8.4"]
[White "Bobnar, Samo"]
[Black "Janko, Roman"]
[Result "1-0"]
[WhiteElo "1409"]
[BlackElo "1859"]
[PlyCount "119"]
[EventDate "2019.12.01"]
[WhiteTeam "SS TZ PREVODI DVOJKA"]
[BlackTeam "SK DOLENJSKE TOPLICE"]

1. e4 c5 2. Nc3 Nc6 3. f4 e6 4. Nf3 d5 5. d3 Nf6 6. e5 Nd7 7. g3 g6 8. Bg2 Bg7
9. O-O O-O 10. Re1 a6 11. Ne2 f6 12. d4 fxe5 13. dxe5 b5 14. Be3 Qc7 15. Ng5
Nb6 16. Bxc5 Re8 17. Nd4 h6 18. Bd6 Qb7 19. Ngf3 Nc4 20. Bc5 Nxb2 21. Qd2 Nxd4
22. Bxd4 Nc4 23. Qd3 Qf7 24. Rf1 Qf5 25. Qe2 Bf8 26. Nh4 Qf7 27. g4 Be7 28. g5
h5 29. Bh3 Rf8 30. Qd3 Kh7 31. Rf2 Bd7 32. Bf1 Rac8 33. Be2 Kg7 34. f5 Bxg5 35.
f6+ Kh7 36. Ng2 Rg8 37. Bxh5 Kh6 38. Be2 Kh7 39. Rf3 Rh8 40. Rg3 Bh6 41. Bh5
Be8 42. Nh4 Rg8 43. Nxg6 Rxg6 44. Bxg6+ Qxg6 45. Rxg6 Bxg6 46. Qh3 Bf5 47. Qh5
Bg6 48. Qh4 Rg8 49. Kf2 Bf5 50. Qh5 Bg6 51. Qf3 Be4 52. Qh3 Bf5 53. Qb3 Nd2 54.
Qb4 Ne4+ 55. Kf1 Bh3+ 56. Ke2 Rg2+ 57. Kd3 Rd2+ 58. Qxd2 Nxd2 59. Be3 Bf5+ 60.
Kxd2 1-0

[Event "II. CLANSKA LIGA ZAHOD 2019"]
[Site "Komenda"]
[Date "2019.12.01"]
[Round "8.5"]
[White "Turkovic, Igor"]
[Black "Cebulj Sifrer, Ozbej"]
[Result "1/2-1/2"]
[WhiteElo "1789"]
[BlackElo "1396"]
[PlyCount "87"]
[EventDate "2019.12.01"]
[WhiteTeam "SK DOLENJSKE TOPLICE"]
[BlackTeam "SS TZ PREVODI DVOJKA"]

1. d4 Nf6 2. c4 e6 3. Nc3 Bb4 4. f3 d5 5. e3 O-O 6. Bd3 c5 7. Nge2 Nc6 8. dxc5
dxc4 9. Bxc4 Qxd1+ 10. Kxd1 Ne5 11. Bb3 Bxc5 12. Kc2 Rd8 13. Rd1 Rxd1 14. Nxd1
b6 15. Nec3 Ba6 16. Nf2 Rd8 17. Bd2 Nd3 18. Nxd3 Bxd3+ 19. Kc1 Bf1 20. g3 Bg2
21. Bd1 e5 22. Be2 e4 23. f4 h5 24. Kc2 g6 25. Rd1 Ng4 26. Bxg4 hxg4 27. Bc1
Rxd1 28. Kxd1 f5 29. Ke1 Kf7 30. a3 Ke6 31. Nb5 a5 32. Nc3 Be7 33. Bd2 Kd6 34.
Nb1 Kd5 35. Bc3 Bc5 36. Kd2 Kc4 37. Bf6 Bf1 38. Nc3 b5 39. Bg7 b4 40. axb4 Bxb4
41. Kc1 Bd3 42. Bd4 Bxc3 43. Bxc3 a4 44. Kd2 1/2-1/2

[Event "II. CLANSKA LIGA ZAHOD 2019"]
[Site "Komenda"]
[Date "2019.12.01"]
[Round "8.6"]
[White "Rogelj, Tomaz"]
[Black "Voglar, Peter"]
[Result "0-1"]
[WhiteElo "1765"]
[BlackElo "2046"]
[PlyCount "64"]
[EventDate "2019.12.01"]
[WhiteTeam "SS TZ PREVODI DVOJKA"]
[BlackTeam "SK DOLENJSKE TOPLICE"]

1. e4 c5 2. Nf3 d6 3. d4 cxd4 4. Nxd4 a6 5. c4 e6 6. Be2 Be7 7. Be3 Nf6 8. Nc3
O-O 9. O-O Qc7 10. Rc1 b6 11. b3 Bb7 12. Qc2 Nbd7 13. f4 Rfd8 14. Bf3 Rac8 15.
f5 e5 16. Nde2 b5 17. cxb5 axb5 18. Qd3 Qa5 19. Qxb5 Qxb5 20. Nxb5 Bxe4 21.
Bxe4 Nxe4 22. Rfe1 Ndf6 23. a4 d5 24. Bb6 Bc5+ 25. Rxc5 Nxc5 26. Bxd8 Rxd8 27.
Rb1 d4 28. Kf1 Nd5 29. Kf2 Kf8 30. h3 Ke7 31. a5 Ra8 32. b4 Nd3+ 0-1

[Event "II. CLANSKA LIGA ZAHOD 2019"]
[Site "Komenda"]
[Date "2019.12.01"]
[Round "8.1"]
[White "Racnik, Tone"]
[Black "More, Erlend"]
[Result "1-0"]
[WhiteElo "1932"]
[BlackElo "1576"]
[PlyCount "39"]
[EventDate "2019.12.01"]
[WhiteTeam "SD VRHNIKA"]
[BlackTeam "SK KOMENDA"]

1. e4 Nf6 2. e5 Nd5 3. d4 Nc6 4. c4 Nb6 5. f4 e6 6. Nf3 d6 7. Be2 dxe5 8. fxe5
Bb4+ 9. Nc3 a6 10. O-O O-O 11. Ne4 Be7 12. Be3 f6 13. exf6 Bxf6 14. Qd2 Qe7 15.
a3 a5 16. Rae1 Nd7 17. Bd3 e5 18. d5 Nd4 19. Nxf6+ Rxf6 20. Bxd4 1-0

[Event "II. CLANSKA LIGA ZAHOD 2019"]
[Site "Komenda"]
[Date "2019.12.01"]
[Round "8.2"]
[White "Perme, Martin"]
[Black "Stanic, Urban"]
[Result "0-1"]
[WhiteElo "1489"]
[BlackElo "1902"]
[PlyCount "60"]
[EventDate "2019.12.01"]
[WhiteTeam "SK KOMENDA"]
[BlackTeam "SD VRHNIKA"]

1. e4 e6 2. d4 d5 3. e5 c5 4. c3 Nc6 5. Nf3 Qb6 6. b3 cxd4 7. Nxd4 Nxe5 8. Be3
Qd8 9. f4 Nc6 10. Bd3 Nf6 11. Nd2 Be7 12. O-O O-O 13. N2f3 Bd7 14. Ne5 a6 15.
Ndxc6 Bxc6 16. Nxc6 bxc6 17. Qf3 c5 18. Qg3 Qc7 19. Qh3 g6 20. g4 c4 21. bxc4
dxc4 22. Bc2 Nd5 23. Bd4 Nxf4 24. Qe3 Nd5 25. Qh6 e5 26. Be4 Rad8 27. Rf5 exd4
28. Rxd5 Rxd5 29. Bxd5 dxc3 30. Rf1 Qc5+ 0-1

[Event "II. CLANSKA LIGA ZAHOD 2019"]
[Site "Komenda"]
[Date "2019.12.01"]
[Round "8.3"]
[White "Okorn, Nejc"]
[Black "Kozarski, Aleksander"]
[Result "1-0"]
[WhiteElo "1835"]
[BlackElo "1485"]
[PlyCount "87"]
[EventDate "2019.12.01"]
[WhiteTeam "SD VRHNIKA"]
[BlackTeam "SK KOMENDA"]

1. e4 e5 2. Nf3 Nc6 3. Bc4 h6 4. d4 exd4 5. Nxd4 Bc5 6. Be3 Qf6 7. c3 Ne5 8.
Nd2 Qg6 9. O-O d6 10. f4 Ng4 11. Qf3 N8f6 12. e5 dxe5 13. Bb5+ Kf8 14. Ne6+
fxe6 15. Bxc5+ Kg8 16. h3 e4 17. Qe2 Qf5 18. Bd4 h5 19. hxg4 hxg4 20. Bxf6 g3
21. Be8 Bd7 22. Bg5 Bxe8 23. Qxe4 Qc5+ 24. Qd4 Qc6 25. Ne4 Bf7 26. Nxg3 Qb5 27.
b4 a5 28. a4 Qe8 29. b5 Rc8 30. Rad1 Kh7 31. Kf2 Rf8 32. Qe5 b6 33. Rd4 c6 34.
Rd6 cxb5 35. axb5 Rc5 36. Qe4+ Bg6 37. f5 Rfxf5+ 38. Bf4 e5 39. Rh1+ Kg8 40.
Ke1 Qxb5 41. Rd8+ Kf7 42. Qb7+ Ke6 43. Qc8+ Ke7 44. Qc7+ 1-0

[Event "II. CLANSKA LIGA ZAHOD 2019"]
[Site "Komenda"]
[Date "2019.12.01"]
[Round "8.4"]
[White "Cimperman, Teo"]
[Black "Siraj, Svit"]
[Result "1-0"]
[WhiteElo "1364"]
[BlackElo "1724"]
[PlyCount "81"]
[EventDate "2019.12.01"]
[WhiteTeam "SK KOMENDA"]
[BlackTeam "SD VRHNIKA"]

1. e4 c5 2. Nf3 d6 3. d4 cxd4 4. Nxd4 Nf6 5. Nc3 g6 6. Be3 Bg7 7. f3 O-O 8. Qd2
Nc6 9. h4 Nxd4 10. Bxd4 Be6 11. g4 d5 12. e5 Nd7 13. Qe2 Qb8 14. f4 b6 15. Bh3
Nc5 16. f5 Bc8 17. Nxd5 Re8 18. O-O-O e6 19. fxe6 Bxe6 20. Nc3 Nd7 21. Bg2 Bxe5
22. Bxa8 Bxd4 23. Rxd4 Qxa8 24. Re1 Qd8 25. g5 Qb8 26. Ne4 Bf5 27. Qd2 Bxe4 28.
Rxd7 a6 29. Rxe4 Rxe4 30. Rd8+ Re8 31. Rxb8 Rxb8 32. Qd6 Re8 33. Qxb6 Re4 34.
Qxa6 Rxh4 35. Qc8+ Kg7 36. Qc3+ Kg8 37. b4 h5 38. b5 Rh1+ 39. Kb2 h4 40. b6 h3
41. b7 1-0

[Event "II. CLANSKA LIGA ZAHOD 2019"]
[Site "Komenda"]
[Date "2019.12.01"]
[Round "8.5"]
[White "Novak, Robert"]
[Black "Perme, Metod"]
[Result "1-0"]
[WhiteElo "1698"]
[BlackElo "1313"]
[PlyCount "77"]
[EventDate "2019.12.01"]
[WhiteTeam "SD VRHNIKA"]
[BlackTeam "SK KOMENDA"]

1. d4 d5 2. c4 dxc4 3. e3 b5 4. a4 a6 5. axb5 Qd7 6. Bxc4 e6 7. Nc3 Bb4 8. Qb3
Qd6 9. Bd2 a5 10. Nf3 Nf6 11. O-O Bb7 12. Ne5 Nbd7 13. f4 Rg8 14. f5 Nf8 15.
Rae1 g6 16. fxe6 fxe6 17. Rxf6 Qe7 18. Ref1 g5 19. Bxe6 Rg7 20. Rf7 Rxf7 21.
Rxf7 Qd6 22. Bg4 h6 23. Bh5 Kd8 24. Be1 Ne6 25. Rd7+ Qxd7 26. Nxd7 Kxd7 27. Bg4
Re8 28. d5 c6 29. Bxe6+ Kd6 30. bxc6 Ba6 31. Bg3+ Kc5 32. Ne4+ Kb6 33. Nf6 Rf8
34. Nd7+ Ka7 35. Nxf8 Bxf8 36. Bb8+ Ka8 37. Qb6 Bc5 38. Qxa6+ Ba7 39. Qxa7# 1-0

[Event "II. CLANSKA LIGA ZAHOD 2019"]
[Site "Komenda"]
[Date "2019.12.01"]
[Round "8.6"]
[White "Macek, Inti"]
[Black "Sirk, Matija"]
[Result "0-1"]
[WhiteElo "1194"]
[BlackElo "1322"]
[PlyCount "112"]
[EventDate "2019.12.01"]
[WhiteTeam "SK KOMENDA"]
[BlackTeam "SD VRHNIKA"]

1. d4 Nf6 2. c4 e6 3. Nc3 Bb4 4. Bg5 h6 5. Bh4 c5 6. dxc5 Bxc3+ 7. bxc3 Nc6 8.
Nf3 g5 9. Bg3 Qa5 10. Qc2 Ne4 11. Rc1 Nxg3 12. hxg3 Qxc5 13. e3 b6 14. Be2 Ba6
15. Qa4 Na5 16. Rd1 O-O-O 17. O-O Bxc4 18. Bxc4 Qxc4 19. Qxc4+ Nxc4 20. Rd4 d5
21. Rb1 f5 22. Nd2 Nxd2 23. Rxd2 Rh7 24. Rb3 g4 25. Ra3 Kb8 26. Rd4 Rc7 27. f3
h5 28. Kf2 Rd6 29. Rd1 Rdc6 30. Rc1 e5 31. Ke2 d4 32. exd4 exd4 33. Kd3 Rxc3+
34. Raxc3 Rxc3+ 35. Rxc3 dxc3 36. Kxc3 Kc7 37. Kc4 Kc6 38. a4 a6 39. f4 b5+ 40.
axb5+ axb5+ 41. Kb4 Kb6 42. Kc3 Kc5 43. Kb3 b4 44. Kc2 Kc4 45. Kb2 b3 46. Kb1
Kd3 47. Kb2 Ke2 48. Kxb3 Kf2 49. Kc3 Kxg2 50. Kd2 Kxg3 51. Ke3 h4 52. Ke2 Kg2
53. Ke3 h3 54. Ke2 h2 55. Ke3 h1=Q 56. Ke2 Qh3 0-1

[Event "II. CLANSKA LIGA ZAHOD 2019"]
[Site "Komenda"]
[Date "2019.12.01"]
[Round "9.1"]
[White "Trebusak, Anton"]
[Black "Buha, Drago"]
[Result "1/2-1/2"]
[WhiteElo "1788"]
[BlackElo "1949"]
[PlyCount "62"]
[EventDate "2019.12.01"]
[WhiteTeam "SK KOMENDA"]
[BlackTeam "SD RADOVLJICA"]

1. Nc3 d5 2. d4 Bf5 3. e3 Nc6 4. Bd3 Qd7 5. a3 Nf6 6. Nf3 Bxd3 7. Qxd3 a6 8.
O-O e6 9. e4 dxe4 10. Nxe4 Nxe4 11. Qxe4 Be7 12. Bf4 O-O 13. Rad1 Rad8 14. h3
h6 15. Ne5 Nxe5 16. Bxe5 c6 17. Qg4 f6 18. Bf4 Kh7 19. Rfe1 f5 20. Qe2 Rf6 21.
Rd3 Re8 22. h4 Bd6 23. Be5 Rg6 24. h5 Rg5 25. f4 Rg4 26. Qf2 Bxe5 27. Rxe5 Qf7
28. Rh3 Rg8 29. Qe3 Re8 30. c4 g5 31. hxg6+ Rxg6 1/2-1/2

[Event "II. CLANSKA LIGA ZAHOD 2019"]
[Site "Komenda"]
[Date "2019.12.01"]
[Round "9.3"]
[White "More, Erlend"]
[Black "Prestrl, Jozef"]
[Result "1/2-1/2"]
[WhiteElo "1576"]
[BlackElo "1854"]
[PlyCount "62"]
[EventDate "2019.12.01"]
[WhiteTeam "SK KOMENDA"]
[BlackTeam "SD RADOVLJICA"]

1. d4 d5 2. c4 c6 3. Nc3 g6 4. Nf3 Bg7 5. cxd5 cxd5 6. Bf4 a6 7. e3 Nf6 8. Bd3
O-O 9. O-O Bg4 10. h3 Bxf3 11. Qxf3 e6 12. Rac1 Nbd7 13. Na4 Rc8 14. Rxc8 Qxc8
15. Qe2 Qc6 16. Qc2 Qxc2 17. Bxc2 Rc8 18. Bd3 Bf8 19. Nc3 Bb4 20. Ne2 h5 21.
Rc1 Rxc1+ 22. Nxc1 Ne8 23. a3 Bd6 24. Bxd6 Nxd6 25. Kf1 Kf8 26. Ke2 Ke7 27. b3
h4 28. g3 hxg3 29. fxg3 g5 30. h4 gxh4 31. gxh4 f5 1/2-1/2

[Event "II. CLANSKA LIGA ZAHOD 2019"]
[Site "Komenda"]
[Date "2019.12.01"]
[Round "9.4"]
[White "Simnic, Franci"]
[Black "Perme, Martin"]
[Result "1-0"]
[WhiteElo "1664"]
[BlackElo "1489"]
[PlyCount "51"]
[EventDate "2019.12.01"]
[WhiteTeam "SD RADOVLJICA"]
[BlackTeam "SK KOMENDA"]

1. Nf3 c5 2. e4 d6 3. c3 Nf6 4. Bc4 Nxe4 5. Qa4+ Nc6 6. Bxf7+ Kxf7 7. Qxe4 e6
8. d4 cxd4 9. Ng5+ Ke8 10. Nxh7 Kd7 11. O-O d5 12. Qg6 Ne5 13. Nxf8+ Qxf8 14.
Qg3 Qf5 15. Qxg7+ Kd6 16. Qxh8 Nf3+ 17. gxf3 Qxf3 18. Qh4 e5 19. Qg3 Qf7 20.
cxd4 Be6 21. Qxe5+ Kc6 22. Bf4 Bh3 23. Rc1+ Kb5 24. a4+ Ka6 25. Qe2+ Kb6 26.
Qb5# 1-0

[Event "II. CLANSKA LIGA ZAHOD 2019"]
[Site "Komenda"]
[Date "2019.12.01"]
[Round "9.5"]
[White "Cimperman, Teo"]
[Black "Krivec, Metod"]
[Result "0-1"]
[WhiteElo "1364"]
[BlackElo "1759"]
[PlyCount "74"]
[EventDate "2019.12.01"]
[WhiteTeam "SK KOMENDA"]
[BlackTeam "SD RADOVLJICA"]

1. e4 d6 2. d4 g6 3. Nc3 Bg7 4. Nf3 Nd7 5. Bc4 h6 6. O-O e5 7. Be3 Ne7 8. Re1
O-O 9. Qd2 Kh7 10. Rad1 Nc6 11. d5 Ne7 12. Bd3 a6 13. a4 Rg8 14. Ne2 Qf8 15.
Ng3 Kh8 16. Qc3 Qd8 17. Qd2 Kh7 18. Ra1 Nf6 19. h3 Qf8 20. Qc3 Ne8 21. Kh2 f5
22. Ne2 Qf7 23. Qc4 f4 24. Bd2 g5 25. Nfg1 Qh5 26. f3 g4 27. Rf1 Bf6 28. Bxf4
gxh3 29. gxh3 Bh4 30. Bg3 Qg5 31. f4 Bxg3+ 32. Kh1 Qh4 33. fxe5 Bxh3 34. Rf7+
Kh8 35. Rxe7 Bf1+ 36. Nh3 Qxh3+ 37. Kg1 Qg2# 0-1

[Event "II. CLANSKA LIGA ZAHOD 2019"]
[Site "Komenda"]
[Date "2019.12.01"]
[Round "9.6"]
[White "Torkar, Boris"]
[Black "Macek, Inti"]
[Result "1-0"]
[WhiteElo "1777"]
[BlackElo "1194"]
[PlyCount "71"]
[EventDate "2019.12.01"]
[WhiteTeam "SD RADOVLJICA"]
[BlackTeam "SK KOMENDA"]

1. d4 d5 2. c4 c6 3. e3 Nf6 4. Nf3 e6 5. Be2 Bb4+ 6. Bd2 Bxd2+ 7. Nbxd2 O-O 8.
O-O Nbd7 9. b4 b6 10. Qc2 Ba6 11. Rfc1 Rc8 12. Qb2 c5 13. Qa3 Nb8 14. b5 Bb7
15. Qxa7 Qc7 16. Qa3 dxc4 17. Bxc4 h6 18. Ne5 Nbd7 19. Ndf3 Ba8 20. Qb2 Qb7 21.
Nc6 Kh8 22. a4 cxd4 23. Nfxd4 Ne5 24. Bf1 Nxc6 25. Nxc6 Qd7 26. Rd1 Qc7 27.
Rac1 Qb7 28. Be2 Nd7 29. Bf3 Rce8 30. Ne5 Qa7 31. Rxd7 Qb8 32. Bxa8 Qxa8 33.
Ng6+ Kg8 34. Nxf8 Rxf8 35. Qc2 Qb8 36. Rc7 1-0

[Event "II. CLANSKA LIGA ZAHOD 2019"]
[Site "Komenda"]
[Date "2019.12.01"]
[Round "9.1"]
[White "Logar, Metod"]
[Black "Racnik, Tone"]
[Result "1-0"]
[WhiteElo "1982"]
[BlackElo "1932"]
[PlyCount "52"]
[EventDate "2019.12.01"]
[WhiteTeam "SS TZ PREVODI DVOJKA"]
[BlackTeam "SD VRHNIKA"]

1. e4 d6 2. d4 Nf6 3. Nc3 g6 4. f4 Bg7 5. Nf3 O-O 6. Bd3 Nc6 7. O-O Bg4 8. Be3
Nh5 9. Ne2 e5 10. fxe5 dxe5 11. d5 Nd4 12. Qd2 Nxf3+ 13. gxf3 Bh3 14. Rf2 f5
15. Kh1 f4 16. Bc5 Qh4 17. Nc3 Rf6 18. Be7 Re8 19. Bxf6 Bxf6 20. d6 cxd6 21.
Bc4+ Kh8 22. Nd5 Bd8 23. Bb5 Rg8 24. Bf1 Be6 25. Kg1 Bxd5 26. Qxd5 Bb6 1-0

[Event "II. CLANSKA LIGA ZAHOD 2019"]
[Site "Komenda"]
[Date "2019.12.01"]
[Round "9.2"]
[White "Okorn, Nejc"]
[Black "Muri, Emil"]
[Result "1/2-1/2"]
[WhiteElo "1835"]
[BlackElo "1816"]
[PlyCount "91"]
[EventDate "2019.12.01"]
[WhiteTeam "SD VRHNIKA"]
[BlackTeam "SS TZ PREVODI DVOJKA"]

1. e4 e5 2. Nf3 Nc6 3. Bc4 Nf6 4. Ng5 d5 5. exd5 b5 6. dxc6 bxc4 7. Qe2 Qd5 8.
O-O Bd6 9. Nc3 Qxc6 10. d4 cxd3 11. cxd3 O-O 12. Be3 Bb7 13. f3 h6 14. Nge4
Nxe4 15. Nxe4 f5 16. Nxd6 cxd6 17. Rac1 Qd7 18. d4 e4 19. Qc4+ d5 20. Qc7 Rf7
21. Qxd7 Rxd7 22. fxe4 fxe4 23. Rf2 Rc8 24. Rxc8+ Bxc8 25. Rc2 Bb7 26. Bf4 a6
27. Kf2 Kf7 28. Ke3 Kg8 29. b4 Kf7 30. a4 Ke8 31. b5 axb5 32. axb5 Kd8 33. Rf2
Rf7 34. g4 Ke8 35. h4 Bc8 36. g5 hxg5 37. hxg5 Rb7 38. Rb2 g6 39. b6 Rf7 40.
Rh2 Kd7 41. Rh6 Rg7 42. Be5 Rg8 43. Rh2 Kc6 44. Bc7 Rf8 45. Rf2 Rxf2 46. Kxf2
1/2-1/2

[Event "II. CLANSKA LIGA ZAHOD 2019"]
[Site "Komenda"]
[Date "2019.12.01"]
[Round "9.3"]
[White "Planinsek, Bojan"]
[Black "Siraj, Svit"]
[Result "1/2-1/2"]
[WhiteElo "1734"]
[BlackElo "1724"]
[PlyCount "70"]
[EventDate "2019.12.01"]
[WhiteTeam "SS TZ PREVODI DVOJKA"]
[BlackTeam "SD VRHNIKA"]

1. e4 c5 2. c3 g6 3. d4 cxd4 4. cxd4 d5 5. e5 Bg7 6. Nf3 Bg4 7. h3 Bxf3 8. Qxf3
Nc6 9. Bb5 e6 10. O-O Nge7 11. Bg5 O-O 12. Bxc6 bxc6 13. Rc1 Rc8 14. Qa3 f6 15.
exf6 Bxf6 16. Bxf6 Rxf6 17. Qxa7 Ra8 18. Qc5 Ra5 19. Qc3 Nf5 20. Nd2 Qa8 21. a3
Ra4 22. Nf3 Rc4 23. Qd3 Nd6 24. Ne5 Rxc1+ 25. Rxc1 Qb7 26. Rc2 Ne4 27. Nxc6
Nxf2 28. Rxf2 Rxf2 29. Kxf2 Qxc6 30. Qc3 Qd6 31. b4 Qa6 32. Qb3 Qb6 33. Qc3 Qa6
34. Qb3 Qb6 35. Qc3 Qa6 1/2-1/2

[Event "II. CLANSKA LIGA ZAHOD 2019"]
[Site "Komenda"]
[Date "2019.12.01"]
[Round "9.4"]
[White "Novak, Robert"]
[Black "Bobnar, Samo"]
[Result "1/2-1/2"]
[WhiteElo "1698"]
[BlackElo "1409"]
[PlyCount "83"]
[EventDate "2019.12.01"]
[WhiteTeam "SD VRHNIKA"]
[BlackTeam "SS TZ PREVODI DVOJKA"]

1. d4 Nf6 2. c4 e5 3. dxe5 Ng4 4. Nf3 Nc6 5. Bf4 Bb4+ 6. Nbd2 Qe7 7. a3 Ngxe5
8. Nxe5 Nxe5 9. Bxe5 Bxd2+ 10. Qxd2 Qxe5 11. e3 d6 12. Bd3 Bd7 13. O-O h5 14.
f4 Qf6 15. e4 O-O-O 16. b4 Bc6 17. Bc2 Rhe8 18. Rae1 Qe6 19. Qd4 Kb8 20. b5 Bd7
21. a4 Qg6 22. f5 Qg4 23. a5 c6 24. Qxd6+ Ka8 25. a6 cxb5 26. axb7+ Kxb7 27.
Qb4 a6 28. Ra1 Qe2 29. cxb5 Bxb5 30. Rf2 Qc4 31. Qb2 Qd4 32. Qa2 Qc4 33. Bb3
Qxe4 34. h3 Re5 35. Bxf7 Qd4 36. Bxh5 Rxf5 37. Bf3+ Ka7 38. Rc1 Qe5 39. Qc2 Rf7
40. Kh1 Qe3 41. Qc5+ Qxc5 42. Rxc5 1/2-1/2

[Event "II. CLANSKA LIGA ZAHOD 2019"]
[Site "Komenda"]
[Date "2019.12.01"]
[Round "9.5"]
[White "Cebulj Sifrer, Ozbej"]
[Black "Sirk, Matija"]
[Result "1-0"]
[WhiteElo "1396"]
[BlackElo "1322"]
[PlyCount "49"]
[EventDate "2019.12.01"]
[WhiteTeam "SS TZ PREVODI DVOJKA"]
[BlackTeam "SD VRHNIKA"]

1. c4 c5 2. Nc3 Nc6 3. g3 g6 4. Bg2 Bg7 5. e3 e6 6. Nge2 Nge7 7. O-O O-O 8. d4
cxd4 9. exd4 d5 10. cxd5 Nxd5 11. Nxd5 exd5 12. Be3 Qb6 13. Bxd5 Ne7 14. Bb3
Bh3 15. Re1 Bg4 16. d5 Qf6 17. Bd4 Qg5 18. Bxg7 Kxg7 19. Qd4+ Kg8 20. Qf4 Qh5
21. Nd4 g5 22. Qf6 Ng6 23. Bd1 Rfe8 24. Bxg4 Qxg4 25. Nf5 1-0

[Event "II. CLANSKA LIGA ZAHOD 2019"]
[Site "Komenda"]
[Date "2019.12.01"]
[Round "9.6"]
[White "Sever, Gasper"]
[Black "Rogelj, Tomaz"]
[Result "1/2-1/2"]
[WhiteElo "1559"]
[BlackElo "1765"]
[PlyCount "24"]
[EventDate "2019.12.01"]
[WhiteTeam "SD VRHNIKA"]
[BlackTeam "SS TZ PREVODI DVOJKA"]

1. e4 c6 2. Nc3 d5 3. exd5 cxd5 4. d4 Nf6 5. Nf3 Bg4 6. Be2 e6 7. h3 Bh5 8.
Bb5+ Nbd7 9. O-O a6 10. Bxd7+ Qxd7 11. Qd2 Bxf3 12. gxf3 Bd6 {nejasno (63)}
1/2-1/2

[Event "II. CLANSKA LIGA ZAHOD 2019"]
[Site "Komenda"]
[Date "2019.12.01"]
[Round "9.1"]
[White "Persl, Bojan"]
[Black "Luzar, Emil"]
[Result "1/2-1/2"]
[WhiteElo "2097"]
[BlackElo "2115"]
[PlyCount "60"]
[EventDate "2019.12.01"]
[WhiteTeam "SK LJUBLJANA"]
[BlackTeam "SK DOLENJSKE TOPLICE"]

1. e4 c5 2. Nf3 d6 3. d4 cxd4 4. Nxd4 Nf6 5. Nc3 g6 6. Bc4 Bg7 7. Bb3 O-O 8. h3
Nc6 9. Be3 Nd7 10. O-O Nb6 11. Nd5 Nxd5 12. exd5 Na5 13. Re1 Nxb3 14. axb3 e5
15. dxe6 fxe6 16. Qd2 Bd7 17. Rad1 Qh4 18. Bg5 Qxd4 19. Qxd4 Bxd4 20. Rxd4 d5
21. Be7 Rfe8 22. Bd6 Bc6 23. Be5 Rad8 24. Re3 Rd7 25. h4 Rf8 26. h5 gxh5 27.
Rg3+ Kf7 28. Rg5 Ke8 29. Rxh5 Rf5 30. Rxf5 exf5 1/2-1/2

[Event "II. CLANSKA LIGA ZAHOD 2019"]
[Site "Komenda"]
[Date "2019.12.01"]
[Round "9.2"]
[White "Stubljar, Andrej"]
[Black "Kodela, Marko"]
[Result "1-0"]
[WhiteElo "2004"]
[BlackElo "1960"]
[PlyCount "105"]
[EventDate "2019.12.01"]
[WhiteTeam "SK DOLENJSKE TOPLICE"]
[BlackTeam "SK LJUBLJANA"]

1. Nf3 Nf6 2. b3 g6 3. Bb2 Bg7 4. e3 O-O 5. d4 d5 6. Bd3 c6 7. Nbd2 Nbd7 8. O-O
a5 9. a4 b6 10. c4 Ba6 11. Qe2 c5 12. Rfc1 e6 13. Rc2 Bb7 14. Rd1 Rc8 15. Nb1
Qc7 16. Nc3 Qb8 17. Ne5 Rfd8 18. Nb5 Ne8 19. f4 Nd6 20. Nxd7 Rxd7 21. dxc5 Nxb5
22. Bxg7 Kxg7 23. cxb5 Rxc5 24. Rxc5 bxc5 25. Rc1 Qa7 26. Qf2 Qb6 27. h3 d4 28.
e4 f6 29. Re1 Rf7 30. f5 Bc8 31. Bc4 Re7 32. e5 exf5 33. Qf3 Bb7 34. Bd5 fxe5
35. Bxb7 c4 36. bxc4 Rxb7 37. c5 Qc7 38. Qd5 Kf6 39. b6 Qe7 40. Rb1 Rd7 41.
Qc6+ Kg5 42. b7 Rc7 43. Qxc7 Qxc7 44. b8=Q Qxc5 45. Qb5 Qc2 46. Qb3 Qe2 47.
Qg3+ Kh5 48. Qf3+ Qxf3 49. gxf3 Kg5 50. Kf2 Kf4 51. h4 h6 52. Rb6 d3 53. Rxg6
1-0

[Event "II. CLANSKA LIGA ZAHOD 2019"]
[Site "Komenda"]
[Date "2019.12.01"]
[Round "9.3"]
[White "Zmavc, Mark"]
[Black "Pucelj, Joze"]
[Result "1/2-1/2"]
[WhiteElo "1839"]
[BlackElo "2079"]
[PlyCount "52"]
[EventDate "2019.12.01"]
[WhiteTeam "SK LJUBLJANA"]
[BlackTeam "SK DOLENJSKE TOPLICE"]

1. d4 g6 2. Nf3 Bg7 3. c4 c5 4. Nc3 cxd4 5. Nxd4 Nc6 6. Nxc6 bxc6 7. e4 Qc7 8.
Be2 Nf6 9. O-O O-O 10. Be3 d6 11. f3 Bd7 12. Qd2 c5 13. Rab1 Bc6 14. b4 cxb4
15. Rxb4 Rfc8 16. Rfb1 Qd7 17. Nb5 Bxb5 18. Rxb5 Rc7 19. Qb4 h5 20. Rb8+ Rxb8
21. Qxb8+ Kh7 22. Qb5 Qc8 23. Qb8 Qd7 24. Qb5 Qc8 25. Qb8 Qd7 26. Qb5 Qc8
1/2-1/2